00347nam a2200109Ia 4500008004100000082002000041100001900061245004500080260003900125630001800164650005500182211109s9999||||xx |||||||||||||| ||und|| a494.8107bRAV-A aRavivarma, L A 0aArryadravida Bashakalude Parspara Bandam bNATIONAL BOOKSTALLaKottayamc1907 xGeneral Stack aAltaic, Uralic, Hyperborean & DravidianxLanguages